Countries of the World by Japanese Romaji - Statistics

General Stats
  • This quiz has been taken 37 times
  • The average score is 159 of 196
Answer Stats
Hint Answer % Correct
Andora Andorra
100%
Arubania Albania
96%
Burugaria Bulgaria
96%
Bosunia Herutsuegobina Bosnia and Herzegovina
96%
Beraruushi Belarus
88%
Denmaaku Denmark
88%
Esutonia Estonia
88%
Finrando Finland
88%
Furansu France
88%
Hangarii Hungary
88%
Aisurando Iceland
88%
Airurando Ireland
88%
Italia Italy
88%
Kosobo Kosovo
88%
Monako Monaco
88%
Monteneguro Montenegro
88%
Kita Makedonia North Macedonia
88%
Ruumania Romania
88%
Suwiiden Sweden
88%
Afuganisutan Afghanistan
85%
Angora Angola
85%
Arumenia Armenia
85%
Azerubaijaan Azerbaijan
85%
Banguradeshu Bangladesh
85%
Benan Benin
85%
Botsuwana Botswana
85%
Burukinafaso Burkina Faso
85%
Burunji Burundi
85%
Chado Chad
85%
Komoro Comoros
85%
Kuroachia Croatia
85%
Cheko Czech Republic
85%
Esuwatini Eswatini
85%
Echiopia Ethiopia
85%
Fijii Fiji
85%
Gabon Gabon
85%
Ganbia Gambia
85%
Doitsu Germany
85%
Gaana Ghana
85%
Guatemara Guatemala
85%
Ginia Guinea
85%
Giniabisau Guinea-Bissau
85%
Kenia Kenya
85%
Riberia Liberia
85%
Rihitenshutain Liechtenstein
85%
Ritoania Lithuania
85%
Madagasukaru Madagascar
85%
Maruta Malta
85%
Mouritania Mauritania
85%
Morudoba Moldova
85%
Morokko Morocco
85%
Mozanbiiku Mozambique
85%
Namibia Namibia
85%
Nikaragua Nicaragua
85%
Nijeeru Niger
85%
Naijeria Nigeria
85%
Noruwii Norway
85%
Pakisutan Pakistan
85%
Panama Panama
85%
Pourando Poland
85%
Porutogaru Portugal
85%
Roshia Russia
85%
Ruwanda Rwanda
85%
Sanmarino San Marino
85%
Saujiarabia Saudi Arabia
85%
Senegaru Senegal
85%
Serubia Serbia
85%
Shingapouru Singapore
85%
Surobakia Slovakia
85%
Surobenia Slovenia
85%
Supein Spain
85%
Suriranka Sri Lanka
85%
Suisu Switzerland
85%
Siria Syria
85%
Taiwan Taiwan
85%
Ukuraina Ukraine
85%
Uzubekisutan Uzbekistan
85%
Arujeria Algeria
81%
Ousutoraria Australia
81%
Bahama Bahamas
81%
Baareen Bahrain
81%
Barubadosu Barbados
81%
Berugii Belgium
81%
Buutan Bhutan
81%
Boribia Bolivia
81%
Burunei Brunei
81%
Kameruun Cameroon
81%
Kanada Canada
81%
Chiri Chile
81%
Koronbia Colombia
81%
Kosutarika Costa Rica
81%
Kyuuba Cuba
81%
Antigua Baabuuda Antigua and Barbuda
81%
Dominika Tomomoku Dominican Republic
81%
Santome Purinshipe São Tomé and Príncipe
81%
Jibuchi Djibouti
81%
Dominika Kuni Dominica
81%
Kongo Minshu Kyouwakoku D. R. Congo
81%
Higashi Timouru East Timor
81%
Ekuadoru Ecuador
81%
Eritoria Eritrea
81%
Mikuroneshia Renpou F. S. Micronesia
81%
Gurenada Grenada
81%
Haichi Haiti
81%
Honjurasu Honduras
81%
Indoneshia Indonesia
81%
Iran Iran
81%
Iraku Iraq
81%
Jamaika Jamaica
81%
Nihon Japan
81%
Yorudan Jordan
81%
Kazafusutan Kazakhstan
81%
Kiribasu Kiribati
81%
Kuwiito Kuwait
81%
Raosu Laos
81%
Ratobia Latvia
81%
Rebanon Lebanon
81%
Resoto Lesotho
81%
Ribia Libya
81%
Maraui Malawi
81%
Mari Mali
81%
Maasharu Shotou Marshall Islands
81%
Mourichusu Mauritius
81%
Mekushiko Mexico
81%
Mongoru Mongolia
81%
Myanmaa Myanmar
81%
Nauru Nauru
81%
Nepaaru Nepal
81%
Nyuujiirando New Zealand
81%
Omaan Oman
81%
Parao Palau
81%
Papuanyuuginia Papua New Guinea
81%
Paraguai Paraguay
81%
Peruu Peru
81%
Firipin Philippines
81%
Kongo Kyouwakoku Rep. of the Congo
81%
Samoa Samoa
81%
Soromon Shotou Solomon Islands
81%
Somaria Somalia
81%
Minami Afurika South Africa
81%
Minami Suudan South Sudan
81%
Suudan Sudan
81%
Surinamu Suriname
81%
Tajikisutan Tajikistan
81%
Tanzania Tanzania
81%
Tai Thailand
81%
Tougo Togo
81%
Tonga Tonga
81%
Torukumenisutan Turkmenistan
81%
Uganda Uganda
81%
Uruguai Uruguay
81%
Banuatsu Vanuatu
81%
Benezuera Venezuela
81%
Iemen Yemen
81%
Zanbia Zambia
81%
Jinbabue Zimbabwe
81%
Aruzenchin Argentina
77%
Beriisu Belize
77%
Burajiru Brazil
77%
Kanbojia Cambodia
77%
Chuuou Afurika Central African Republic
77%
Sentokurisutofaa Neibisu Saint Kitts and Nevis
77%
Sentobinsento Oyobi Gurenadiin Shotou Saint Vincent and the Grenadines
77%
Torinidaado Tobago Trinidad and Tobago
77%
Arabu Shuchoukuni Renpou United Arab Emirates
77%
Erusarubadoru El Salvador
77%
Girisha Greece
77%
Gaiana Guyana
77%
Indo India
77%
Isuraeru Israel
77%
Rukusenburuku Luxembourg
77%
Morudibu Maldives
77%
Kataaru Qatar
77%
Sentorushia Saint Lucia
77%
Shierareone Sierra Leone
77%
Toruko Turkey
77%
Tsubaru Tuvalu
77%
Igilisu United Kingdom
77%
Amerika Yoshukoku United States
77%
Ousutoria Austria
73%
Sekidou Ginia Equatorial Guinea
73%
Mareeshia Malaysia
73%
Kaaboberude Cape Verde
69%
Joujia Georgia
69%
Kirugisu Kyrgyzstan
69%
Oranda Netherlands
69%
Kita Chousen North Korea
69%
Betonamu Vietnam
69%
Chuugoku China
65%
Ejiputo Egypt
65%
Kipurosu Cyprus
62%
Kankoku South Korea
62%
Bachikanshi Kuni Vatican City
62%
Koutojibowaaru Ivory Coast
58%
Chunijia Tunisia
58%
Saasheru Seychelles
54%
No matching quizzes found
Score Distribution
Percent of People with Each Score
Percentile by Number Answered
Your Score History
You have not taken this quiz